| 000 | 01139nam a2200337 i 4500 | ||
|---|---|---|---|
| 001 | 000048972 | ||
| 003 | DO-SdBNP | ||
| 005 | 20260305073957.0 | ||
| 007 | ta | ||
| 008 | 190510s2018 dr 000 spa d | ||
| 020 | _a9789945590784 | ||
| 040 |
_aDO-SdBNP _bspa _cBNPHU _erda |
||
| 041 | _aspa | ||
| 082 | 4 |
_a321.8 _bF363a _222 |
|
| 100 | 1 |
_aFernández, Leonel, _d1953- _eautor _97291 |
|
| 245 | 0 |
_aAños de avance : _bescritos políticos de teoría y acción / _cLeonel Fernández. |
|
| 260 |
_aSanto Domingo : _bFUNGLODE, _c2018. |
||
| 300 |
_a214 p. ; _c23 cm. |
||
| 336 |
_2rdacontent _atexto _btxt |
||
| 337 |
_2rdamedia _asin mediación _bn |
||
| 338 |
_2rdacarrier _avolumen _bnc |
||
| 490 | 0 | _aDemocracia | |
| 500 | _aIncluye referencias bibliográficas y notas al pie de las páginas | ||
| 500 | _aIncluye datos biográficos del autor en la solapa de la cubierta | ||
| 590 | _aInventariado, 2019 / DG/MFF | ||
| 600 | 1 | 4 |
_aFernandez, Leonel, _d1953- _xPensamiento político _986446 |
| 650 | 4 |
_aDemocracia _9286 |
|
| 650 | 0 |
_aCiencia política _95772 |
|
| 910 | _aValidado. Control de calidad MFF | ||
| 942 |
_2ddc _cLBS1 |
||
| 999 |
_c48460 _d48460 |
||